Quick Pick: Greek Gods and Goddesses Quiz Stats

 Plays Quiz Updated Jul 12, 2018

Challenge
Share
Tweet
Embed
Score 0/14 Timer 01:30
4 Plays Today
% Correct
Poseidon
94.8%
Aphrodite
92.1%
Hades
89.8%
Ares
86%
Dionysus
77.9%
Hermes
77.1%
Hephaestus
67.7%
% Correct
Hera
67.6%
Zeus
67.1%
Artemis
66.6%
Athena
66.5%
Demeter
66.2%
Hestia
53.4%
Apollo
53%

Today's Daily Dose

You're not logged in!

Compare scores with friends on all Sporcle quizzes.
OR
Log In

You Might Also Like...

Show Comments

Extras

Top Quizzes Today


Score Distribution

Your Account Isn't Verified!

In order to create a playlist on Sporcle, you need to verify the email address you used during registration. Go to your Sporcle Settings to finish the process.

Report this User

Report this user for behavior that violates our Community Guidelines.

Details: